Untold urban economy: A study of sex work in the Pernas of Reala Khanpur, South West Delhi (Record no. 517518)

000 -LEADER
fixed length control field 00459nam a22001337a 4500
008 - FIXED-LENGTH DATA ELEMENTS--GENERAL INFORMATION
fixed length control field 210716b ||||| |||| 00| 0 eng d
100 ## - MAIN ENTRY--PERSONAL NAME
Personal name Sharma, Saumya
245 ## - TITLE STATEMENT
Title Untold urban economy: A study of sex work in the Pernas of Reala Khanpur, South West Delhi
260 ## - PUBLICATION, DISTRIBUTION, ETC. (IMPRINT)
Place of publication, distribution, etc The Administrator: Journal of LBSNAA
300 ## - PHYSICAL DESCRIPTION
Extent 60(3), Dec, 2020: p.42-59
773 ## - HOST ITEM ENTRY
Main entry heading The Administrator: Journal of LBSNAA
906 ## - LOCAL DATA ELEMENT F, LDF (RLIN)
Subject DIP SOCIAL PROBLEMS
942 ## - ADDED ENTRY ELEMENTS (KOHA)
Item type Articles
Holdings
Withdrawn status Lost status Source of classification or shelving scheme Damaged status Not for loan Permanent location Current location Date acquired Serial Enumeration / chronology Barcode Date last seen Koha item type
          Indian Institute of Public Administration Indian Institute of Public Administration 2021-07-16 60(3), Dec, 2020: p.42-59 AR124797 2021-07-16 Articles

Powered by Koha